Francija: ot obratimosti franka k zapadojevropejskoj valjutnoj integracii.

Ochrana francúzskeho franku pred devalváciou v 70-tych rokoch a dvojitý valutový trh. Zavedenie plávajúceho kurzu, jeho príčiny a dôsledky. Stabilizačné pôsobenie ECU. Valutové a finančné opatrenia na pomoc francúzskemu exportu. Prechod od prvkov uzavretosti k špecializovanému hospodárstvu v rámci E...

Descrizione completa

Salvato in:
Dettagli Bibliografici
Autore principale: Presnjakov, Viktor Jur'jevič
Natura: Capitolo di libro
Lingua:russo
Soggetti:
Tags: Aggiungi Tag
Nessun Tag, puoi essere il primo ad aggiungerne!!

MARC

LEADER 00000naa a2200000 4500
001 r004522
005 20221130103853.8
041 0 |a rus 
044 |a [SU] 
245 1 0 |a Francija: ot obratimosti franka k zapadojevropejskoj valjutnoj integracii.  |c V. Presnjakov 
520 |a Ochrana francúzskeho franku pred devalváciou v 70-tych rokoch a dvojitý valutový trh. Zavedenie plávajúceho kurzu, jeho príčiny a dôsledky. Stabilizačné pôsobenie ECU. Valutové a finančné opatrenia na pomoc francúzskemu exportu. Prechod od prvkov uzavretosti k špecializovanému hospodárstvu v rámci Európskych spoločenstiev. 
610 2 0 |a frank 
610 2 0 |a Francúzsko 
610 2 0 |a trh devízový 
610 2 0 |a vývoz 
610 2 0 |a Európske spoločenstvá 
610 2 0 |a vzťahy devízovo-finančné 
610 2 0 |a konvertibilita 
610 2 0 |a ECU 
100 1 |a Presnjakov, Viktor Jur'jevič